| 000 | 00493nam a22001817a 4500 | ||
|---|---|---|---|
| 003 | OSt | ||
| 005 | 20260413035634.0 | ||
| 008 | 260413b |||||||| |||| 00| 0 eng d | ||
| 020 | _a0-515-11351-4. | ||
| 040 |
_aDWC-Main lib. _cOC |
||
| 082 | _aFic. C855l 1994 | ||
| 100 | _aCoulter, Catherine | ||
| 245 |
_aLord of raven's peak/ _cCatherine Coulter |
||
| 260 |
_aNew York : _bJoves Books, _cc1994. |
||
| 300 |
_a390 p. ; _c17 cm. |
||
| 650 | _a1. Fiction. | ||
| 942 |
_2ddc _cFIC. _hFic. _n0 |
||
| 999 |
_c9378 _d9378 |
||